000
00201 a2200097 4500
001
1142
100
_a
Smith, A.W
245
_a
Electrical measurements
260
_a
_b
Mcgrawhill
_c
090
_c
704
_d
704
942
_a
NUST-CAE
_c
M
_c
33645
999
_c
236215
_d
236215